| 000 | 00804cam a22002653a 4500 | ||
|---|---|---|---|
| 001 | 18615 | ||
| 003 | PGUSA | ||
| 005 | 20140828083409.0 | ||
| 008 | 060617s2006||||xxu|||||s|||||000 | eng d | ||
| 040 |
_aPGUSA _beng |
||
| 042 | _adc | ||
| 050 | 4 | _aPR | |
| 050 | 4 | _aBX | |
| 100 | 1 |
_aBenson, Arthur Christopher, _d1862-1925 |
|
| 245 | 1 | 0 |
_aHugh : _bMemoirs of a Brother _h[electronic resource] / _cArthur Christopher Benson |
| 260 |
_bProject Gutenberg, _c2006 |
||
| 506 | _aPublic domain in the USA. | ||
| 516 | _aElectronic text | ||
| 653 | _aAuthors, English -- 20th century -- Biography | ||
| 653 | _aBenson, Robert Hugh, 1871-1914 | ||
| 653 | _aCatholic Church -- Clergy -- Biography | ||
| 830 | 0 |
_aProject Gutenberg _v18615 |
|
| 856 | 4 | 0 | _uhttp://www.gutenberg.org/ebooks/18615 |
| 942 | _cEB | ||
| 999 |
_c247870 _d247870 |
||